[Event "GER-chT School WK 2"]
[Site "Playchess.com INT"]
[Date "2020.06.15"]
[Round "4.4"]
[White "Storck, Christopher"]
[Black "Huo, Da"]
[Result "1-0"]
[WhiteElo "1948"]
[BlackElo "1721"]
[PlyCount "79"]
[EventDate "2020.06.08"]
[EventType "team-swiss (blitz)"]
[EventRounds "7"]
[EventCountry "GER"]
[SourceTitle "EXT 2021"]
[Source "ChessBase"]
[SourceDate "2020.10.23"]
[SourceVersion "1"]
[SourceVersionDate "2020.10.23"]
[SourceQuality "1"]
[WhiteTeam "Oberursel Gymn"]
[BlackTeam "Hamburg Privates Gymn"]
[WhiteTeamCountry "GER"]
[BlackTeamCountry "GER"]

1. e4 c5 2. Nf3 d6 3. d4 cxd4 4. Nxd4 Nf6 5. Nc3 a6 6. Be3 e6 7. Be2 b5 8. a3 Bb7 9. f3 Be7 10. Qd2 Nbd7 11. 0-0 0-0 12. Rfd1 Qc7 13. Rac1 Ne5 14. Qe1 Nc4 15. Bxc4 bxc4 16. Qf2 d5 17. exd5 Nxd5 18. Nxd5 Bxd5 19. c3 Rab8 20. Rc2 Bd6 21. g3 Rfe8 22. Rcd2 Bf8 23. Re1 g6 24. Rde2 e5 25. Nc2 Rxb2 26. Nb4 Rxe2 27. Qxe2 Bxb4 28. axb4 Qb7 29. Kf2 f6 30. Bc5 Bc6 31. Qxc4+ Bd5 32. Qe2 Qb5 33. Qd2 Qc6 34. Re3 Qb7 35. Rd3 Be6 36. Rd6 Kf7 37. Qh6 Kg8 38. Rxe6 Rd8 39. Re7 Rd2+ 40. Qxd2 1-0